|
|
|
|
| LEADER |
01251nam a2200265 a 4500 |
| 001 |
4486621 |
| 008 |
091102s1997 ii a b 101 0 eng d |
| 010 |
|
|
|a \\\96912043
|
| 020 |
|
|
|a 019564011X
|
| 040 |
|
|
|a DLC
|c DLC
|d DLC
|
| 082 |
0 |
0 |
|a 338/.09549/2
|2 21
|
| 245 |
0 |
4 |
|a The Bangladesh economy in transition /
|c edited by M.G. Quibria.
|
| 260 |
|
|
|a Delhi ;
|a New York :
|b Oxford University Press,
|c 1997.
|
| 300 |
|
|
|a xxi, 336 p. :
|b ill. ;
|c 23 cm.
|
| 500 |
|
|
|a "Published for the Asian Development Bank."
|
| 520 |
|
|
|a Revised version of papers presented in a conference held in Bangladesh, 1993, organized by the Asian Development Bank in collaboration with the Academy for Planning and Development, Bangladesh.
|
| 504 |
|
|
|a Includes bibliographical references and index.
|
| 541 |
1 |
|
|e 00009599
|
| 651 |
|
0 |
|a Bangladesh
|x Economic conditions
|x Congresses.
|
| 651 |
|
0 |
|a Bangladesh
|x Economic policy
|x Congresses.
|
| 700 |
1 |
|
|a Quibria, M. G.
|q (Muhammad Ghulam)
|
| 710 |
2 |
|
|a Asian Development Bank.
|
| 852 |
4 |
|
|a Ayesha Abed Library
|j General shelf
|
| 999 |
|
|
|c 5031
|d 5031
|
| 952 |
|
|
|0 0
|1 0
|2 ddc
|4 0
|6 338_095492000000000_BAN_1997
|7 0
|9 4858
|a BRACUL
|b BRACUL
|c GEN
|d 2009-11-03
|g 440.00
|l 1
|m 5
|o 338.095492 BAN
|p 3010005987
|r 2013-12-14
|s 2013-11-25
|t 1
|v 880.00
|w 2009-11-03
|y BK
|